000 00685nam a22001815i 4500
001 160469
003 ES-MaACL
005 20250718063331.0
008 990506s1883 fr a |||| | fre d
040 _aCCPB | B
_bspa
_cCCPB | B
100 1 _aDu Pouget, Jean,
_d1818-1904
_9130379
245 1 2 _aL'Amérique préhistorique /
_cMarquis de Nadaillac ; avec 219 figures dans le texte.
260 _aParis :
_bG. Masson, Éditeur,
_c1883 (
_eCorbeil :
_fTyp. et stér. Crété)
300 _aVIII, 588 p. :
_bil. ;
_c25 cm.
651 4 _aAmérica-
_xHistoria-
_yÉpoca prehistórica.
_9152032
852 _aES-MaACL
_jF-10646
_z-- Enc. pasta española
999 _c160469
_d160469